Statistical tools in human biology : proceedings of the 17th course of the International School of Mathematics, "G. Stampacchia", Erice, Italy, 18-25 September 1993 /

Bibliographic Details
Corporate Author: G. Stampacchia International School of Mathematics Erice, Italy
Other Authors: Di Bacco, M. (Mario), Pacciani, E. (Elsa), Borgognini Tarli, Silvana M.
Format: Conference Proceeding Book
Language:English
Published: Singapore ; River Edge, NJ : World Scientific, [1994]
Series:Science and culture series (Singapore). Mathematics.
Subjects:

MARC

Tag First Indicator Second Indicator Subfields
LEADER 00000cam a2200000 a 4500
001 in00001249821
005 20151003074413.0
008 940822s1994 si a b 000 0 eng
010 |a  94034671  
020 |a 981021782X 
035 |a (OCoLC)31076665 
035 |9 AGU0645AM 
040 |a DLC  |c DLC  |d TXA  |d UtOrBLW 
049 |a TXAM 
050 0 0 |a R853.S7  |b G2 1993 
082 0 0 |a 612/.0072  |2 20 
111 2 |a G. Stampacchia International School of Mathematics  |n (17th :  |d 1993 :  |c Erice, Italy) 
245 1 0 |a Statistical tools in human biology :  |b proceedings of the 17th course of the International School of Mathematics, "G. Stampacchia", Erice, Italy, 18-25 September 1993 /  |c editors, M. Di Bacco, E. Pacciani & S. Borgognini Tarli. 
264 1 |a Singapore ;  |a River Edge, NJ :  |b World Scientific,  |c [1994] 
264 4 |c ©1994 
300 |a viii, 254 pages :  |b illustrations ;  |c 23 cm. 
336 |a text  |b txt  |2 rdacontent 
337 |a unmediated  |b n  |2 rdamedia 
338 |a volume  |b nc  |2 rdacarrier 
490 1 |a The Science and culture series--mathematics 
504 |a Includes bibliographical references. 
650 0 |a Medicine  |x Research  |x Statistical methods. 
650 0 |a Biometry. 
700 1 |a Di Bacco, M.  |q (Mario) 
700 1 |a Pacciani, E.  |q (Elsa) 
700 1 |a Borgognini Tarli, Silvana M. 
830 0 |a Science and culture series (Singapore).  |p Mathematics. 
999 |a MARS 
999 f f |s 49a32703-48fc-305e-b8b7-43c6ea3188ca  |i c7939430-367c-3758-9a66-ddcf664addeb  |t 0 
952 f f |p ric  |a Texas A&M University  |b Rellis Campus  |c Joint Library Facility  |d Remote Storage  |t 0  |e R853.S7 G2 1993  |h Library of Congress classification  |i unmediated -- volume  |m A14819267705 
998 f f |a R853.S7 G2 1993  |t 0  |l Remote Storage